| 000 | 01112nam0a22002651 4500 | ||
|---|---|---|---|
| 001 | rc\339494 | ||
| 005 | 20260407123123.0 | ||
| 035 | _a(NLR Aleph) 005581629 | ||
| 090 |
_a6118376 _c6118376 |
||
| 100 | _a20030307d1989 |||y0rusy50 ca | ||
| 101 | 0 | _arus | |
| 102 | _aRU | ||
| 105 | _aa ||||||||| | ||
| 200 | 1 |
_aПОВЫШЕНИЕ эффективности использования газообразного топлива на автотранспорте _e[Метод. рекомендации] _fРДЭНТП _g[Подгот. к. т. н. Н.Н. Худолий и А.Э. Глеза] |
|
| 210 |
_aКиев _cО-во "Знание" УССР _cРДЭНТП _d1989 |
||
| 215 |
_a[1], 19 с. _cил. _d20 |
||
| 225 | 1 | _aВ помощь лектору и специалисту | |
| 320 | _aБиблиогр.: с. 19 | ||
| 702 | 1 |
_aХудолий _bН.Н. _gНиколай Николаевич _4570 |
|
| 712 | 0 | 2 |
_a"Знание", общество УССР _cКиев _3RU\NLR\AUTH\889960976 _9418265 |
| 801 | 0 |
_aRU _bNLR _gpsbo |
|
| 801 | 1 |
_aRU _bELAR _2rusmarc |
|
| 852 |
_aNLR _j89-4/13871 |
||
| 942 | _cBOOK | ||
| 980 | _aNB | ||